00980nam a2200241 u 450000100100000000500170001000800410002704000130006808200180008110000370009924500890013626000580022530000180028350000220030150000320032365000390035565000260039465000290042095201230044995201290057299900280070104900090072900000333520260420170825.0090708s1998 dr r 001 0 spa d aDO-SdBNP a340.115bH5571 aHernández, Pedro Pablo.91046310aIntroducción al estudio de la sociología del derecho /cPedro Pablo Hernández. aSanto DomingofBÚHObUniversidad Nordestana,c1998. a310p ;c21cm. aContiene índice aIncluye datos biográficos 0aJurisprudencia sociológica94071 0aJurisprudencia910464 0aProblemas sociales99290 0010718PDaPDbPDcCTd2009-07-08e037610iLF1l0o340.115 H557p3335-10r2020-06-25w2020-06-25yLFPDZNo se presta 0010718PDaPDbPDcCTd2009-07-08e037611iLF1l0o340.115 H557p3335-20r2020-06-25te. 2w2020-06-25yLFPDZNo se presta a1 n0000192c3166d3166 aBNPD